000 00694nam a2200241Ia 4500
003 OSt
005 20220918222344.0
006 a|||||r|||| 00| 0
007 ta
008 220917b |||||||| |||| 00| 0 eng d
024 _a216,575
037 _cTextual
040 _aARTS
_cARTS
_beng
041 _2eng
_aeng
082 _aY73:439v49G, N6
100 _aTambiah Stanley J.
_9142893
245 0 _aLeveling crowds
_b ethnonationalist conflicts and collective violence in South Asia
260 _aNew Delhi
_bVistaar
_c1997
300 _ax, 395p
_ccm.
650 _aSOCIOLOGY
942 _hY73:439v49G, N6
_cTEXL
_2CC
999 _c275274
_d275274